[Event "Sampa Chess Open - Local Piso Superior (ao lado da Renner) às 19h00"]
[Site "Shopping Metrô Tatuapé - Rua Domingos Agostim, 91, São Paulo/SP 03306-010"]
[Date "2024.01.30"]
[Round "3"]
[Board "39"]
[White "Kassab, Alexandre T Canelas"]
[Black "Mattos, Bernardo Cunha"]
[Result "1-0"]
[WhiteElo "1800"]
[BlackElo "1567"]
[PlyCount "0"]
[EventDate "2024.01.29"]
[EventRounds "9"]
[EventCountry "BRA"]

1. d4 d5 2. c4 e6 3. Nf3 Nf6 4. Nc3 Be7 5. e3 O-O 6. Bd3 dxc4 7. Bxc4 b6 8. O-O Bb7
9. Qe2 Nbd7 10. Rd1 Qc8 11. e4 Bb4 12. e5 Bxc3 13. bxc3 Nd5 14. Bd2 c5 15. Bd3 h6
16. Qe4 N5f6 17. Qh4 Nh7 18. Bxh6 gxh6 19. Qxh6 f5 20. Qxe6+ Rf7 21. Bc4 Qe8 22.
Qxf5 Kf8 23. Bxf7 Qxf7 24. Qxf7+ Kxf7 25. d5 Ke7 26. c4 Rf8 27. Re1 Rf4 28. Rad1
Rxc4 29. e6 Ndf6 30. d6+ Kd8 31. e7+ Ke8 32. d7+ Nxd7 33. Rxd7 Bc6 34. Rd8+ Kf7 35.
Ne5+  1-0

[Event "Sampa Chess Open - Local Piso Superior (ao lado da Renner) às 19h00"]
[Site "Shopping Metrô Tatuapé - Rua Domingos Agostim, 91, São Paulo/SP 03306-010"]
[Date "2024.01.30"]
[Round "3"]
[Board "40"]
[White "Dos Santos, Andre Vicente"]
[Black "De Brito E Silva, William"]
[Result "0-1"]
[WhiteElo "1800"]
[BlackElo "1549"]
[PlyCount "0"]
[EventDate "2024.01.29"]
[EventRounds "9"]
[EventCountry "BRA"]

1. e4 e5 2. Nf3 Nc6 3. Bc4 Bc5 4. c3 Nf6 5. d3 d6 6. Be3 Bxe3 7. fxe3 O-O 8. O-O
Ng4 9. Qe2 Na5 10. Nbd2 Nxc4 11. Nxc4 f5 12. Ncd2 f4 13. exf4 exf4 14. h3 Ne3 15.
Rf2 c6 16. d4 Be6 17. Nf1 Bc4 18. Qd2 Bxf1 19. Raxf1 Nxf1 20. Rxf1 Qa5 21. a3 Rae8
22. Re1 Qb6 23. Kh1 h6 24. e5 Qd8 25. Qd3 Re6 26. Qc4 d5 27. Qd3 b5 28. Re2 Qe8 29.
Nh2 Qg6 30. Qxg6 Rxg6 31. Nf3 Re6 32. Kh2 g5 33. Re1 Kg7 34. Ng1 Kg6 35. Rf1 h5  0-1

[Event "Sampa Chess Open - Local Piso Superior (ao lado da Renner) às 19h00"]
[Site "Shopping Metrô Tatuapé - Rua Domingos Agostim, 91, São Paulo/SP 03306-010"]
[Date "2024.01.30"]
[Round "3"]
[Board "41"]
[White "Matiuci, Bernardo Steinle"]
[Black "Re, Vinicius"]
[Result "1-0"]
[WhiteElo "1546"]
[BlackElo "1177"]
[PlyCount "0"]
[EventDate "2024.01.29"]
[EventRounds "9"]
[EventCountry "BRA"]

1. d4 Nf6 2. c4 g6 3. Nc3 Bg7 4. e4 d6 5. Nf3 O-O 6. Be2 Nc6 7. h3 e5 8. d5 Ne7 9.
Be3 Ne8 10. Nd2 f5 11. exf5 Nxf5 12. O-O Nxe3 13. fxe3 Qg5 14. Rxf8+ Bxf8 15. Kf2
Bh6 16. Nf1 Nf6 17. Qd3 Qf5+ 18. Qxf5 Bxf5 19. Ng3 e4 20. Nxf5 gxf5 21. Rf1 Rf8 22.
Nb5 f4 23. exf4 Bxf4 24. Ke1 Bg3+ 25. Kd1 Be5 26. b4 c6 27. dxc6 bxc6 28. Nxa7 c5
29. b5 Ra8 30. Nc6 Bb2 31. Kc2 Rxa2 32. Kb3 Ra1 33. Kxb2 Rxf1 34. Bxf1 d5 35. b6
d4 36. b7 Nd7 37. b8=Q+ Nxb8 38. Nxb8 d3 39. Nd7 d2 40. Kc2 e3 41. Nxc5 Kf7 42. Be2
Kf6 43. Kd3 Ke5 44. Kxe3 d1=Q 45. Bxd1 Kd6 46. Kf4 Kxc5 47. Kg5 Kxc4 48. Kh6 Kd3
49. Kxh7 Ke3 50. g4 Kf4 51. h4 Kg3 52. g5 Kxh4 53. g6 Kg5 54. g7 Kh4 55. g8=Q Kh3
56. Qg4+ Kh2 57. Be2 Kh1 58. Bf3+ Kh2 59. Qg2#  1-0

[Event "Sampa Chess Open - Local Piso Superior (ao lado da Renner) às 19h00"]
[Site "Shopping Metrô Tatuapé - Rua Domingos Agostim, 91, São Paulo/SP 03306-010"]
[Date "2024.01.30"]
[Round "3"]
[Board "42"]
[White "Terra, Bruno De Oliveira"]
[Black "Dos Santos, Felipe Zeuli Biller"]
[Result "1-0"]
[WhiteElo "1800"]
[BlackElo "1538"]
[PlyCount "0"]
[EventDate "2024.01.29"]
[EventRounds "9"]
[EventCountry "BRA"]

1. d4 d5 2. Bf4 Nf6 3. Nf3 Bf5 4. e3 e6 5. Bd3 Bxd3 6. Qxd3 c6 7. Nbd2 Bd6 8. Bg3
Bxg3 9. hxg3 h6 10. Ne5 Qd6 11. Qb3 b6 12. Ndf3 Nbd7 13. O-O O-O 14. c4 Ne4 15. cxd5
cxd5 16. Rfc1 Rfc8 17. Qa4 Nxe5 18. Nxe5 f6 19. Nd3 Qe7 20. Rc2 b5 21. Rxc8+ Rxc8
22. Qxb5 Rc2 23. Qb8+ Kh7 24. Rc1 Rd2 25. Nf4 Rxf2 26. Rc8 Rxf4 27. gxf4 Qf7 28.
Rh8+ Kg6 29. Qe8 Nd6 30. Qxf7+ Kxf7 31. Ra8 Nc4 32. Rxa7+ Kg6 33. Kf2 Nxb2 34. Re7
Nd3+ 35. Kf3 Nb4 36. a4 Nc6 37. Rxe6 Na5 38. Ra6 Nc4 39. g4 h5 40. gxh5+ Kxh5 41.
Ra8 f5 42. a5 Nxa5 43. Rxa5 g5 44. fxg5 Kxg5 45. Ra6 Kh5 46. Kf4 Kh4 47. Rh6#  1-0

[Event "Sampa Chess Open - Local Piso Superior (ao lado da Renner) às 19h00"]
[Site "Shopping Metrô Tatuapé - Rua Domingos Agostim, 91, São Paulo/SP 03306-010"]
[Date "2024.01.30"]
[Round "3"]
[Board "47"]
[White "Brujin, Homero"]
[Black "Goncalves, Ricardo Henrique Silva"]
[Result "1-0"]
[WhiteElo "1479"]
[BlackElo "1800"]
[PlyCount "0"]
[EventDate "2024.01.29"]
[EventRounds "9"]
[EventCountry "BRA"]

1. d4 d6 2. Nf3 g6 3. g3 Bg7 4. Bg2 Nf6 5. O-O O-O 6. c3 Nbd7 7. Nbd2 c5 8. e4 cxd4
9. cxd4 Qc7 10. Re1 e5 11. Nb3 Re8 12. d5 b6 13. Bd2 Nc5 14. Nxc5 bxc5 15. a3 Bg4
16. Qc2 Rac8 17. Bc3 Bxf3 18. Bxf3 Qd7 19. Bg2 Nh5 20. Rad1 f5 21. Bh3 Rf8 22. exf5
gxf5 23. Qe2 Qf7 24. b4 c4 25. Qa2 Rc7 26. b5 Nf6 27. Qd2 Qg6 28. Bg2 Bh6 29. Qc2
Nd7 30. Bb4 Rb8 31. a4 a6 32. Bh3 Rf8 33. Ba5 Rcc8 34. bxa6 Qh5 35. Bg2 f4 36. Re4
Ra8 37. Bc7 Rxa6 38. Rxc4 Nf6 39. h3 fxg3 40. fxg3 Be3+ 41. Kh2 e4 42. Rf1 Ng4+ 43.
Kh1 Rxf1+ 44. Bxf1 Nf2+ 45. Kh2 Ng4+ 46. Kg2 Ne5 47. Be2 Qf7 48. h4 Qf2+ 49. Kh3
Nxc4 50. Qxc4 Ra7 51. Bxd6 Rxa4 52. Qc8+ Kg7 53. Be5+ Kf7 54. Bh5+ Ke7 55. d6#  1-0

[Event "Sampa Chess Open - Local Piso Superior (ao lado da Renner) às 19h00"]
[Site "Shopping Metrô Tatuapé - Rua Domingos Agostim, 91, São Paulo/SP 03306-010"]
[Date "2024.01.30"]
[Round "3"]
[Board "49"]
[White "Silva, Juliana Figueira Theophilo"]
[Black "Desideri, Ricardo Maruchi"]
[Result "0-1"]
[WhiteElo "1747"]
[BlackElo "1959"]
[PlyCount "0"]
[EventDate "2024.01.29"]
[EventRounds "9"]
[EventCountry "BRA"]

1. d4 Nf6 2. c4 g6 3. Nc3 Bg7 4. e4 d6 5. h3 O-O 6. Be3 e5 7. d5 Na6 8. Nf3 Nh5 9.
g4 Nf4 10. Qd2 Nc5 11. O-O-O f5 12. gxf5 gxf5 13. Nxe5 Nxe4 14. Nxe4 dxe5 15. Bxf4
exf4 16. Nc3 Qf6 17. f3 Bd7 18. Kb1 Qe5 19. Ne2 Rae8 20. Nxf4 Bh6 21. Rg1+ Kf7 22.
Nd3 Qe3 23. Qh2 f4 24. Re1 Qd4 25. Rd1 Bf5 26. Ka1 Re3 27. Nf2 Rc3 28. Be2 Qe3 29.
Ne4 Rc2 30. Rge1 Bg7 31. Rb1 Qa3 32. Ng5+ Kg8 33. Rg1 Bxb2+  0-1

[Event "Sampa Chess Open - Local Piso Superior (ao lado da Renner) às 19h00"]
[Site "Shopping Metrô Tatuapé - Rua Domingos Agostim, 91, São Paulo/SP 03306-010"]
[Date "2024.01.30"]
[Round "3"]
[Board "50"]
[White "Navarro, Gustavo Kazuo Yura"]
[Black "Bastos, Danillo Alves"]
[Result "1/2-1/2"]
[WhiteElo "1800"]
[BlackElo "1667"]
[PlyCount "0"]
[EventDate "2024.01.29"]
[EventRounds "9"]
[EventCountry "BRA"]

1. e4 e6 2. d3 d5 3. Nd2 Nf6 4. g3 c5 5. Bg2 Nc6 6. Ngf3 Be7 7. O-O O-O 8. Re1 b6
9. Qe2 Bb7 10. b3 Nb4 11. e5 Nxc2 12. exf6 Bxf6 13. Rb1 Nxe1 14. Qxe1 Re8 15. Ne5
Ba6 16. Ndf3 Rc8 17. Bb2 b5 18. Rc1 Be7 19. Qd2 f6 20. Ng4 c4 21. dxc4 bxc4 22. bxc4
Bxc4 23. a3 Bb3 24. Rxc8 Qxc8 25. Qe3 Bc4 26. Nd2 Bc5 27. Qe1 Kf7 28. Nxc4 dxc4 29.
Qc3 Be7 30. Bf1 Qc6 31. Ne3 Rd8 32. Qxc4 Qb6 33. Qc2 g6 34. Qc3 Rb8 35. Nc4 Qb3 36.
Qxb3 Rxb3 37. Kg2 Bc5 38. Be2 e5 39. Nd6+ Ke7 40. Nc4 Bd4 41. Bxd4 exd4 42. Bd1 Rc3
43. Na5 Kd6 44. Bf3 d3 45. Bd1 Ke5 46. Kf1 Kd4 47. Nb3+ Kc4 48. Nd2+ Kb5 49. a4+
Kb4 50. Ne4 Rc6 51. Ke1 f5 52. Ng5 h6 53. Nf7 Kc3 54. Ne5 Rd6 55. f4 g5 56. Nf3 gxf4
57. gxf4 Rg6 58. Kf2 d2 59. h3 Re6 60. Nh4 Re1 61. Bf3 d1=Q 62. Bxd1 Rxd1 63. Nxf5
Rd5 64. Ne3 Rd2+ 65. Kf3 Kd4 66. Nf5+ Kd5 67. Nxh6 Ke6 68. Kg4 Kf6 69. Nf5 Rg2+ 70.
Ng3 Ra2 71. h4 Rxa4 72. Ne2 a5 73. Nc3 Ra1 74. Nd5+ Kf7 75. Kf5 a4 76. h5 a3 77.
h6 a2 78. Nc3 Rh1 79. Nxa2 Rxh6 80. Nc3 Ra6 81. Kg5 Rg6+ 82. Kf5 Rf6+ 83. Ke4 Re6+
84. Kf3 Kf6  1/2-1/2

[Event "Sampa Chess Open - Local Piso Superior (ao lado da Renner) às 19h00"]
[Site "Shopping Metrô Tatuapé - Rua Domingos Agostim, 91, São Paulo/SP 03306-010"]
[Date "2024.01.30"]
[Round "3"]
[Board "51"]
[White "Moreira, Paulo Vinicius Macedo"]
[Black "Santana, Expedito"]
[Result "1-0"]
[WhiteElo "1711"]
[BlackElo "1408"]
[PlyCount "0"]
[EventDate "2024.01.29"]
[EventRounds "9"]
[EventCountry "BRA"]

1. d4 d5 2. Nf3 Nf6 3. c4 c6 4. g3 Bf5 5. Bg2 e6 6. O-O Bd6 7. Bf4 Bxf4 8. gxf4 O-O
9. Nbd2 Nbd7 10. Ne5 Ne4 11. Nxe4 Bxe4 12. f3 Bg6 13. Qb3 Rb8 14. Rad1 dxc4 15. Qxc4
Nb6 16. Qb3 Nd5 17. e3 Qc7 18. Rfe1 Rfd8 19. Qa4 Ra8 20. Rc1 Qb6 21. Nxg6 hxg6 22.
Re2 Nxf4 23. Rd2 Nd5 24. Re1 c5 25. f4 cxd4 26. Qxd4 Qxd4 27. Rxd4 Rac8 28. Red1
Re8 29. Kf2 Rc2+ 30. R1d2 Rxd2+ 31. Rxd2 Rc8 32. Ke2 Rd8 33. Ke1 Rc8 34. Bxd5 exd5
35. Rxd5 Rc2 36. Rd2 Rc1+ 37. Ke2 Rc7 38. Rd8+ Kh7 39. Kd2 f6 40. Kd3 g5 41. fxg5
fxg5 42. Rd4 Rf7 43. h4 gxh4 44. Rxh4+ Kg6 45. Ra4 b6 46. Kd4 Kh5 47. e4 g5 48. Ra3
g4 49. e5 Rd7+ 50. Ke4 Kg5 51. e6  1-0

[Event "Sampa Chess Open - Local Piso Superior (ao lado da Renner) às 19h00"]
[Site "Shopping Metrô Tatuapé - Rua Domingos Agostim, 91, São Paulo/SP 03306-010"]
[Date "2024.01.30"]
[Round "3"]
[Board "52"]
[White "Gazineu Neto, Rubens"]
[Black "Parijos De Melo, Luiz Claudio"]
[Result "1-0"]
[WhiteElo "1912"]
[BlackElo "1720"]
[PlyCount "0"]
[EventDate "2024.01.29"]
[EventRounds "9"]
[EventCountry "BRA"]

1. c4 Nf6 2. Nf3 c5 3. g3 b6 4. Bg2 Bb7 5. O-O e6 6. Nc3 Be7 7. d3 O-O 8. e4 d6 9.
Re1 Nbd7 10. d4 cxd4 11. Nxd4 a6 12. b3 Qc7 13. Bb2 Rac8 14. h3 Rfd8 15. Kh2 Bf8
16. Rc1 Qb8 17. Qd2 d5 18. exd5 exd5 19. cxd5 Qa8 20. Nf5 Nc5 21. Rcd1 b5 22. b4
Ncd7 23. Qg5 Qa7 24. Nh6+ Kh8 25. Nxf7+ Kg8 26. Nxd8 Rxd8 27. Ne4 Bxb4 28. Nxf6+
Nxf6 29. Bxf6 Bxd5 30. Bxd5+ Kh8 31. Bxg7+ Qxg7 32. Qxd8+  1-0

[Event "Sampa Chess Open - Local Piso Superior (ao lado da Renner) às 19h00"]
[Site "Shopping Metrô Tatuapé - Rua Domingos Agostim, 91, São Paulo/SP 03306-010"]
[Date "2024.01.30"]
[Round "3"]
[Board "53"]
[White "Miragaia, Pedro Maddi Damian"]
[Black "De Paula, Luan Araujo"]
[Result "0-1"]
[WhiteElo "1769"]
[BlackElo "1863"]
[PlyCount "0"]
[EventDate "2024.01.29"]
[EventRounds "9"]
[EventCountry "BRA"]

1. d4 Nf6 2. Nc3 d5 3. Bf4 c6 4. e3 Bf5 5. f3 e6 6. g4 Bg6 7. h4 h5 8. g5 Nfd7 9.
Qd2 Qa5 10. a3 b5 11. Na2 Qb6 12. b4 a5 13. c3 Be7 14. Qh2 axb4 15. axb4 Ra3 16.
Bc7 Qa7 17. Ba5 e5 18. Qb2 Ra4 19. Be2 O-O 20. Bd1 Rxa5 21. bxa5 Qxa5 22. Nb4 Qb6
23. Ne2 f6 24. f4 Be4 25. Rf1 fxg5 26. fxg5 Rxf1+ 27. Kxf1 c5 28. Nc2 Qe6 29. Ng1
exd4 30. cxd4 Qf5+ 31. Ke1 c4 32. Nb4 Bd6 33. Bxh5 Qf8 34. Nxd5 Bxd5 35. Qxb5 Bg3+
36. Kd2 Qf2+ 37. Be2 c3+ 38. Kd3 Qf5+ 39. Kxc3 Qe6 40. Kd2 Bxh4 41. Nf3 Bg3 42. Ra6
Nxa6  0-1

[Event "Sampa Chess Open - Local Piso Superior (ao lado da Renner) às 19h00"]
[Site "Shopping Metrô Tatuapé - Rua Domingos Agostim, 91, São Paulo/SP 03306-010"]
[Date "2024.01.30"]
[Round "3"]
[Board "54"]
[White "Bonilla Viamonte, Diego Armando"]
[Black "Dos Santos, Rafaela Alves"]
[Result "1-0"]
[WhiteElo "1620"]
[BlackElo "1800"]
[PlyCount "0"]
[EventDate "2024.01.29"]
[EventRounds "9"]
[EventCountry "BRA"]

1. c4 e5 2. Nc3 Nf6 3. d3 d5 4. cxd5 Nxd5 5. g3 Nxc3 6. bxc3 Nc6 7. Bg2 Bd6 8. Nf3
h6 9. Be3 Be6 10. O-O Qf6 11. Nd2 Qg6 12. Rb1 Nd8 13. Bxb7 Nxb7 14. Rxb7 Bh3 15.
Qa4+ Bd7 16. Qe4 Bf5 17. Qc6+ Bd7 18. Qg2 O-O 19. Rfb1 Qh5 20. f3 Bh3 21. Qf2 f5
22. Bc5 Qg5 23. Bxd6 cxd6 24. Nf1 h5 25. f4 exf4 26. Qxf4 Qg6 27. Rd7 Qe6 28. Rbb7
Qf6 29. Qxd6  1-0

[Event "Sampa Chess Open - Local Piso Superior (ao lado da Renner) às 19h00"]
[Site "Shopping Metrô Tatuapé - Rua Domingos Agostim, 91, São Paulo/SP 03306-010"]
[Date "2024.01.30"]
[Round "3"]
[Board "55"]
[White "De Bastiani, Tales Otavio"]
[Black "Dionisio, Alex Monteiro"]
[Result "0-1"]
[WhiteElo "1800"]
[BlackElo "1514"]
[PlyCount "0"]
[EventDate "2024.01.29"]
[EventRounds "9"]
[EventCountry "BRA"]

1. c4 Nf6 2. Nc3 g6 3. Nf3 Bg7 4. g3 d6 5. Bg2 c6 6. O-O O-O 7. d3 e5 8. Qc2 h6 9.
a3 Be6 10. b4 Qd7 11. Be3 Bh3 12. Rfc1 Bxg2 13. Kxg2 Na6 14. Qd2 Ng4 15. h3 Nxe3+
16. Qxe3 f5 17. d4 e4 18. Nd2 d5 19. c5 Nc7 20. Nb3 Ne6 21. f4 exf3+ 22. exf3 f4
23. Qf2 fxg3 24. Qxg3 Rf5 25. Kh2 Rg5 26. Qh4 Rf8 27. Rf1 Rf4 28. Qf2 Qc7 29. Kh1
Nxd4 30. Nxd4 Bxd4  0-1

[Event "Sampa Chess Open - Local Piso Superior (ao lado da Renner) às 19h00"]
[Site "Shopping Metrô Tatuapé - Rua Domingos Agostim, 91, São Paulo/SP 03306-010"]
[Date "2024.01.30"]
[Round "3"]
[Board "60"]
[White "Haraguchi, Melissa Mayumi Alves"]
[Black "Akamine, Isabelle Namie Nishimori"]
[Result "0-1"]
[WhiteElo "1751"]
[BlackElo "1800"]
[PlyCount "0"]
[EventDate "2024.01.29"]
[EventRounds "9"]
[EventCountry "BRA"]

1. e4 c5 2. Nf3 d6 3. d4 cxd4 4. Nxd4 Nf6 5. Bc4 e6 6. a3 Nbd7 7. O-O Be7 8. Nc3
a6 9. Be3 b5 10. Ndxb5 axb5 11. Bxb5 Bb7 12. Qd3 O-O 13. Rfe1 Ne5 14. Qd2 Nxe4 15.
Nxe4 Bxe4 16. Bf4 Bf5 17. Re3 Bf6 18. Rb1 Rc8 19. Bd3 Nxd3 20. cxd3 e5 21. Bh6 gxh6
22. Rg3+ Bg5 23. Qe2 Bg6 24. b4 Rc3 25. Ra1 Qc7 26. Qd1 Rc8 27. h4 Bxh4 28. Kh2 Bxg3+
29. fxg3 Rxd3 30. Qg1 Qc2 31. b5 Rd2 32. Kh3 Bf5+ 33. Kh4 Qe4+  0-1

[Event "Sampa Chess Open - Local Piso Superior (ao lado da Renner) às 19h00"]
[Site "Shopping Metrô Tatuapé - Rua Domingos Agostim, 91, São Paulo/SP 03306-010"]
[Date "2024.01.31"]
[Round "4"]
[Board "1"]
[White "Santiago, Yago De Moura"]
[Black "Fier, Alexandr"]
[Result "0-1"]
[WhiteElo "2467"]
[BlackElo "2549"]
[PlyCount "0"]
[EventDate "2024.01.29"]
[EventRounds "9"]
[EventCountry "BRA"]

1. d4 Nf6 2. Nf3 e6 3. c4 Bb4+ 4. Bd2 Qe7 5. Nc3 Bxc3 6. Bxc3 Ne4 7. Rc1 O-O 8. e3
Nxc3 9. Rxc3 d6 10. Be2 e5 11. O-O Nd7 12. b4 e4 13. Nd2 Nf6 14. f3 exf3 15. Bxf3
c6 16. e4 a5 17. Ra3 Qc7 18. c5 Be6 19. Rd3 d5 20. e5 Nd7 21. a3 axb4 22. axb4 f6
23. exf6 Nxf6 24. Re3 Bf5 25. Re5 Bd3 26. Rfe1 Ra2 27. Nb1 Bc2 28. Qc1 Be4 29. Nd2
Bxf3 30. Nxf3 Ne4 31. Qe3 Qf7 32. Ng5 Nxg5 33. Rxg5 Ra3 34. Qd2 Rd3 35. Qb2 Qf4 36.
Rg3 Rd2 37. Qa1 Qf2+ 38. Kh1 Qxd4 39. Qxd4 Rxd4 40. Rb3 Re4 41. Ra1 Rc4 42. h3 h6
43. Kg1 Rff4 44. Rab1 Kf7 45. R3b2 Ke6 46. Kh2 Rfe4 47. Kg3 d4 48. Rf2 Rc3+ 49. Kh2
d3 50. Rf8 Kd5 51. Rf7 Kc4 52. Rxb7 d2 53. Rd1 Rd4 54. Rb6 Rc1 55. Rxd2 Rxd2 56.
Rxc6 Kxb4 57. Rb6+ Ka5  0-1

[Event "Sampa Chess Open - Local Piso Superior (ao lado da Renner) às 19h00"]
[Site "Shopping Metrô Tatuapé - Rua Domingos Agostim, 91, São Paulo/SP 03306-010"]
[Date "2024.01.31"]
[Round "4"]
[Board "2"]
[White "Di Berardino, Diego Rafael"]
[Black "Flores Quillas, Diego Saul Rodri"]
[Result "0-1"]
[WhiteElo "2480"]
[BlackElo "2429"]
[PlyCount "0"]
[EventDate "2024.01.29"]
[EventRounds "9"]
[EventCountry "BRA"]

1. d4 Nf6 2. c4 e6 3. Nf3 Bb4+ 4. Bd2 a5 5. a3 Bxd2+ 6. Qxd2 d6 7. Nc3 Nc6 8. e4
e5 9. d5 Ne7 10. c5 O-O 11. cxd6 cxd6 12. Be2 Nd7 13. O-O Nc5 14. Rad1 a4 15. Qc2
Ng6 16. g3 f5 17. Nd2 f4 18. Bf3 Bh3 19. Bg2 Qd7 20. f3 Bxg2 21. Kxg2 h5 22. Nc4
Ra6 23. Ne2 b5 24. Nd2 Qe7 25. Kh1 fxg3 26. Rg1 Nf4 27. Nxf4 exf4 28. hxg3 Ra7 29.
Rg2 Rc7 30. Qb1 Nd7 31. Rdg1 Ne5 32. Qf1 Rc2 33. Qxb5 fxg3 34. Rf1 Qh4+ 35. Kg1 Qf4
36. Qb4 Qe3+ 37. Kh1 Rf4  0-1

[Event "Sampa Chess Open - Local Piso Superior (ao lado da Renner) às 19h00"]
[Site "Shopping Metrô Tatuapé - Rua Domingos Agostim, 91, São Paulo/SP 03306-010"]
[Date "2024.01.31"]
[Round "4"]
[Board "3"]
[White "De Menezes, Ricardo Fagner Dias"]
[Black "Ticona Rocabado, Licael Roderick"]
[Result "0-1"]
[WhiteElo "1675"]
[BlackElo "2350"]
[PlyCount "0"]
[EventDate "2024.01.29"]
[EventRounds "9"]
[EventCountry "BRA"]

1. d4 d5 2. c4 e6 3. Nf3 c6 4. Qc2 Nf6 5. g3 Be7 6. Bg2 O-O 7. O-O Nbd7 8. Nbd2 b6
9. Rd1 Ba6 10. b3 c5 11. dxc5 Bxc5 12. Bb2 Qe7 13. h3 Rac8 14. Rac1 dxc4 15. bxc4
Bb7 16. e3 Rfd8 17. Ne1 Bxg2 18. Kxg2 Ba3 19. Nb3 Bxb2 20. Qxb2 Nc5 21. Nxc5 Qxc5
22. Rxd8+ Rxd8 23. Qb5 Ne4 24. Qxc5 Nxc5 25. Rc2 f6 26. Nf3 e5 27. h4 Kf7 28. g4
Ke6 29. Ng1 Rc8 30. Nf3 Ne4 31. a4 Rc5 32. Ne1 Nd6 33. Ra2 Nxc4 34. Nd3 Ra5 35. Nb4
Kd6 36. Rc2 Rc5 37. Rc3 a5 38. Rd3+ Ke6 39. Na2 Nb2 40. Ra3 Rc4 41. Nc3 Rxg4+ 42.
Kh3 Rb4  0-1

[Event "Sampa Chess Open - Local Piso Superior (ao lado da Renner) às 19h00"]
[Site "Shopping Metrô Tatuapé - Rua Domingos Agostim, 91, São Paulo/SP 03306-010"]
[Date "2024.01.31"]
[Round "4"]
[Board "18"]
[White "Passos, Marco Aurelio Novaes"]
[Black "Terra, Bruno De Oliveira"]
[Result "1-0"]
[WhiteElo "1671"]
[BlackElo "1800"]
[PlyCount "41"]
[EventDate "2024.01.29"]
[EventRounds "9"]
[EventCountry "BRA"]

1. e4 c6 2. c4 d5 3. cxd5 cxd5 4. exd5 Qxd5 5. Nc3 Qd8 6. d4 Nf6 7. Bc4 e6 8. Nf3
Be7 9. O-O O-O 10. Re1 Nbd7 11. Qe2 Nb6 12. Bd3 Bd7 13. Ne5 Rc8 14. Be3 Bc6 15. Rac1
Nbd5 16. Bb1 Re8 17. Red1 Nd7 18. Bxh7+ Kxh7 19. Qh5+ Kg8 20. Qxf7+ Kh7 21. Qg6+
 1-0

[Event "Sampa Chess Open - Local Piso Superior (ao lado da Renner) às 19h00"]
[Site "Shopping Metrô Tatuapé - Rua Domingos Agostim, 91, São Paulo/SP 03306-010"]
[Date "2024.01.31"]
[Round "4"]
[Board "22"]
[White "Santos, Marcus Vinicius Moreira"]
[Black "Aragao Neto, Joao Batista"]
[Result "1-0"]
[WhiteElo "2331"]
[BlackElo "1585"]
[PlyCount "83"]
[EventDate "2024.01.29"]
[EventRounds "9"]
[EventCountry "BRA"]

1. d4 Nf6 2. Nf3 d5 3. c4 e6 4. g3 Bb4+ 5. Bd2 Be7 6. Bg2 c6 7. Qc2 O-O 8. O-O b6
9. Bf4 Bb7 10. Rd1 Nbd7 11. b3 Nh5 12. Bc1 Nhf6 13. Nc3 Rc8 14. e4 dxe4 15. Ng5 h6
16. Ngxe4 Nxe4 17. Qxe4 Re8 18. Bf4 Bg5 19. h4 Nf6 20. Qf3 Bxf4 21. Qxf4 Qc7 22.
Qe5 Qb8 23. c5 Nd5 24. Ne4 bxc5 25. Qxb8 Rxb8 26. dxc5 Red8 27. Nd6 Rd7 28. Bf1 Rbd8
29. Rd4 Ne7 30. Rb4 Ba8 31. Ba6 Nd5 32. Ra4 Nc7 33. Bc8 Nb5 34. Bxd7 Nxd6 35. Rxa7
Nb5 36. Rxa8 Rxa8 37. Bxc6 Rb8 38. Bxb5 Rxb5 39. Rc1 Rb8 40. c6 Kf8 41. c7 Rc8 42.
b4  1-0

[Event "Sampa Chess Open - Local Piso Superior (ao lado da Renner) às 19h00"]
[Site "Shopping Metrô Tatuapé - Rua Domingos Agostim, 91, São Paulo/SP 03306-010"]
[Date "2024.01.31"]
[Round "4"]
[Board "24"]
[White "De Brito E Silva, William"]
[Black "Vargas, Goncalo Cintra"]
[Result "0-1"]
[WhiteElo "1549"]
[BlackElo "2041"]
[PlyCount "99"]
[EventDate "2024.01.29"]
[EventRounds "9"]
[EventCountry "BRA"]

1. d4 f5 2. Nf3 Nf6 3. c4 e6 4. g3 b6 5. Bg2 Bb7 6. O-O Be7 7. d5 exd5 8. Nd4 g6
9. Nc3 c5 10. Nb3 Qc8 11. Nxd5 Nxd5 12. cxd5 d6 13. Bh6 Nd7 14. Rc1 Bf6 15. Qd2 Qd8
16. h4 Qe7 17. e4 fxe4 18. Rfe1 O-O-O 19. Rxe4 Qf7 20. Re6 Nf8 21. Bxf8 Rhxf8 22.
Qf4 Bxb2 23. Qxf7 Rxf7 24. Rce1 Bf6 25. Nd2 Bc3 26. Rd1 Bxd2 27. Rxd2 Kb8 28. f4
Bc8 29. Re3 Bg4 30. Kf2 Rdd7 31. Bf3 Bxf3 32. Kxf3 Rde7 33. Re6 Kc7 34. Rde2 Rd7
35. g4 b5 36. h5 gxh5 37. gxh5 Rf5 38. Kg4 Rxd5 39. f5 Rg7+ 40. Kf4 Rd4+ 41. Kf3
Rg5 42. f6 Rxh5 43. Re7+ Kc6 44. Kg3 Rg5+ 45. Kh3 Rf5 46. Rf7 Rf3+ 47. Kg2 Rdf4 48.
Re6 Kd5 49. Ree7 Rxf6 50. Rxa7  0-1

[Event "Sampa Chess Open - Local Piso Superior (ao lado da Renner) às 19h00"]
[Site "Shopping Metrô Tatuapé - Rua Domingos Agostim, 91, São Paulo/SP 03306-010"]
[Date "2024.01.31"]
[Round "4"]
[Board "25"]
[White "Desideri, Ricardo Maruchi"]
[Black "Matiuci, Bernardo Steinle"]
[Result "0-1"]
[WhiteElo "1959"]
[BlackElo "1546"]
[PlyCount "82"]
[EventDate "2024.01.29"]
[EventRounds "9"]
[EventCountry "BRA"]

1. e4 c5 2. Nf3 Nc6 3. d4 cxd4 4. Nxd4 Nf6 5. Nc3 e5 6. Ndb5 d6 7. Nd5 Nxd5 8. exd5
Nb8 9. a4 Be7 10. Bd2 a6 11. Na3 b6 12. Nc4 Nd7 13. Be2 O-O 14. Bb4 Qc7 15. O-O f5
16. f4 e4 17. c3 a5 18. Ba3 Ba6 19. b3 Nc5 20. Re1 Nxa4 21. Rc1 Nc5 22. Bb2 Rfc8
23. b4 Nd3 24. Bxd3 Bxc4 25. Bc2 Qb7 26. Bb3 Bf6 27. Ba3 a4 28. Bxc4 Rxc4 29. b5
Qd7 30. Qe2 Rac8 31. Rc2 Rxc3 32. Rec1 Rxc2 33. Rxc2 Rxc2 34. Qxc2 Qxb5 35. Qc8+
Kf7 36. Qxf5 Qb1+ 37. Bc1 Qxc1+ 38. Kf2 Qd2+ 39. Kg3 Qd3+ 40. Kg4 Qe2+ 41. Kh3 h5
 0-1

[Event "Sampa Chess Open - Local Piso Superior (ao lado da Renner) às 19h00"]
[Site "Shopping Metrô Tatuapé - Rua Domingos Agostim, 91, São Paulo/SP 03306-010"]
[Date "2024.01.31"]
[Round "4"]
[Board "26"]
[White "Pironti, Francisco Ferrari"]
[Black "Barberi, Catarina"]
[Result "1-0"]
[WhiteElo "1953"]
[BlackElo "1524"]
[PlyCount "75"]
[EventDate "2024.01.29"]
[EventRounds "9"]
[EventCountry "BRA"]

1. c4 e6 2. Nf3 Nf6 3. g3 d5 4. Bg2 Be7 5. O-O O-O 6. d4 b6 7. Qc2 Bb7 8. Rd1 c5
9. dxc5 Bxc5 10. cxd5 exd5 11. Nc3 Qe7 12. Bg5 Na6 13. Nd4 Qe5 14. Bf4 Qe7 15. a3
Bxd4 16. Rxd4 Nc7 17. Bxc7 Qxc7 18. Qd3 Qe5 19. Rd1 h6 20. e3 Rac8 21. Ra4 Ra8 22.
Qd4 Qe8 23. Qf4 Ne4 24. Nxe4 dxe4 25. Bxe4 Bxe4 26. Qxe4 Qb5 27. Rb4 Qc5 28. Rbd4
Rac8 29. Qd3 Qe5 30. b4 Qe6 31. Rd7 Ra8 32. Qd5 Qg6 33. Rc1 Qf6 34. Rcc7 a5 35. Rxf7
Rxf7 36. Rxf7 Qa1+ 37. Kg2 Rf8 38. Rf6+  1-0